000 00466nam a2200181Ia 4500
001 18114
005 20260306171606.0
008 260306s9999||||xx |||||||||||||| ||und||
041 _aESP
082 _a658.4012
_bD18 2015
100 _aD'Alessio Ipinza, Fernando A.
_eAUT
245 0 _aEl proceso estratégico:
_bun enfoque de gerencia
260 _c2015
300 _axxxviii, 782 páginas :
_c
650 _aGEN
654 _aCAN
942 _cLIB
_dJUS
_fJUS
_2ddc
_n
999 _c18114
_d18114